Political theory (Record no. 286)

MARC details
000 -LEADER
fixed length control field 00492cam a2200205ua 4500
001 - CONTROL NUMBER
control field 335
005 - DATE AND TIME OF LATEST TRANSACTION
control field 20260515113142.0
008 - FIXED-LENGTH DATA ELEMENTS--GENERAL INFORMATION
fixed length control field 110329n ii |||gr||||Z||||||eng
020 ## - INTERNATIONAL STANDARD BOOK NUMBER
International Standard Book Number 81-219-0369-6
040 ## - CATALOGING SOURCE
Transcribing agency MAIN
082 ## - DEWEY DECIMAL CLASSIFICATION NUMBER
Classification number 320.5
245 1# - TITLE STATEMENT
Title Political theory
Statement of responsibility, etc. by V.D. Mahajan
250 ## - EDITION STATEMENT
Edition statement 4th.
260 ## - PUBLICATION, DISTRIBUTION, ETC.
Place of publication, distribution, etc. New Delhi:
Name of publisher, distributor, etc. S. chand,988.
300 ## - PHYSICAL DESCRIPTION
Extent xvi,910p:
Dimensions 35cm.
653 ## - INDEX TERM--UNCONTROLLED
Uncontrolled term Political science
653 ## - INDEX TERM--UNCONTROLLED
Uncontrolled term Political theory
700 ## - ADDED ENTRY--PERSONAL NAME
Personal name Mahajan, V.D.,
Relator term Author.
942 ## - ADDED ENTRY ELEMENTS (KOHA)
Koha item type Books
Holdings
Withdrawn status Lost status Damaged status Not for loan Home library Current library Shelving location Date acquired Total checkouts Full call number Barcode Date last seen Copy number Price effective from Koha item type Date last checked out
        Naharkatiya College Library Naharkatiya College Library General stacks 09/19/2020   320.5 | MAH 15797 09/19/2020 1 09/19/2020 Books  
        Naharkatiya College Library Naharkatiya College Library General stacks 09/19/2020 1 320.5 | MAH 15798 11/16/2024 2 09/19/2020 Books 10/28/2024